<?xml version="1.0" encoding="UTF-8"?>
<record
    xmlns:xsi="http://www.w3.org/2001/XMLSchema-instance"
    xsi:schemaLocation="http://www.loc.gov/MARC21/slim http://www.loc.gov/standards/marcxml/schema/MARC21slim.xsd"
    xmlns="http://www.loc.gov/MARC21/slim">

  <leader>02930nam a2200325 a 4500</leader>
  <controlfield tag="003">OSt</controlfield>
  <controlfield tag="005">20250805143646.0</controlfield>
  <controlfield tag="007">cr ||||||a|a|a</controlfield>
  <controlfield tag="008">250627s2025    mx a|||fom||| 001 0 spa d</controlfield>
  <datafield tag="040" ind1=" " ind2=" ">
    <subfield code="e">rda</subfield>
  </datafield>
  <datafield tag="100" ind1="1" ind2=" ">
    <subfield code="a">Garc&#xED;a Toscano, Erick Enrique</subfield>
    <subfield code="9">190526</subfield>
  </datafield>
  <datafield tag="245" ind1="1" ind2="0">
    <subfield code="a">Respuestas fisiol&#xF3;gicas iniciales de portainjertos clonales de aguacate a Cylindrocarpon sp. /</subfield>
    <subfield code="c">por Erick Enrique Garc&#xED;a Toscano; director de tesis Alejandro Facundo Barrientos Priego; secretario Erik Acuayte Valdes; vocal Mercedes Mart&#xED;nez Villag&#xF3;mez; suplente Claudia Reyes Quiroz; suplente Ju&#xE1;n Ayala Arreola.</subfield>
  </datafield>
  <datafield tag="264" ind1=" " ind2="1">
    <subfield code="a">Chapingo, M&#xE9;xico :</subfield>
    <subfield code="b">El autor,</subfield>
    <subfield code="c">2024.</subfield>
  </datafield>
  <datafield tag="300" ind1=" " ind2=" ">
    <subfield code="a">1 recurso en l&#xED;nea (104 p&#xE1;ginas):</subfield>
    <subfield code="b">cuadros, figuras.</subfield>
  </datafield>
  <datafield tag="336" ind1=" " ind2=" ">
    <subfield code="2">rdacontent</subfield>
    <subfield code="a">texto</subfield>
    <subfield code="b">txt</subfield>
  </datafield>
  <datafield tag="337" ind1=" " ind2=" ">
    <subfield code="2">rdamedia</subfield>
    <subfield code="a">computadora</subfield>
    <subfield code="b">c</subfield>
  </datafield>
  <datafield tag="338" ind1=" " ind2=" ">
    <subfield code="2">rdacarrier</subfield>
    <subfield code="a">recurso en l&#xED;nea</subfield>
    <subfield code="b">cr</subfield>
  </datafield>
  <datafield tag="502" ind1=" " ind2=" ">
    <subfield code="b">IAEF</subfield>
    <subfield code="c">Fitotecnia</subfield>
    <subfield code="d">2024.</subfield>
    <subfield code="g">LIC</subfield>
  </datafield>
  <datafield tag="504" ind1=" " ind2=" ">
    <subfield code="a">Incluye referencias bibliogr&#xE1;ficas: p&#xE1;ginas 75-90.</subfield>
  </datafield>
  <datafield tag="520" ind1=" " ind2=" ">
    <subfield code="a">Se evaluaron las respuestas fisiol&#xF3;gicas de portainjertos clonales de aguacate infectados por Cylindrocarpon sp. El estudio se enfoc&#xF3; en variables relacionadas con la asimilaci&#xF3;n de carbono, eficiencia en el uso del agua, regulaci&#xF3;n t&#xE9;rmica y pigmentaci&#xF3;n foliar, utilizando un dise&#xF1;o experimental completamente al azar con cinco genotipos de portainjertos. Los resultados mostraron que la infecci&#xF3;n afecta significativamente las variables fisiol&#xF3;gicas, como la asimilaci&#xF3;n de CO2 (A), conductancia estom&#xE1;tica (g), transpiraci&#xF3;n (E), concentraci&#xF3;n interna de CO2 (Ci), flujo de carbono asimilado (C), eficiencia en el uso de agua (E&#xB7;g -1), eficiencia de asimilaci&#xF3;n de CO2 (E&#xB7;Ci -1 y g&#xB7;Ci -1) y eficiencia de carboxilaci&#xF3;n instantanea de la RuBisCo (A&#xB7;Ci -1). El portainjerto 'Duke 7', present&#xF3; mayor tolerancia a la infecci&#xF3;n, reflejada en una mejor regulaci&#xF3;n estom&#xE1;tica y capacidad para mantener la eficiencia en la asimilaci&#xF3;n de carbono y el uso del agua. En contraste, &#x2018;Borchard&#x2019; present&#xF3; las respuestas fisiol&#xF3;gicas m&#xE1;s desfavorables, mientras que &#x2018;Thomas&#x2019;, &#x2018;Zutano&#x2019; y &#x2018;Day&#x2019; mostraron respuestas intermedias. Estos hallazgos sugieren que &#x2018;Duke 7&#x2019; posee cualidades que lo posicionan como un portainjerto prometedor para ser utilizado en sistemas de producci&#xF3;n en condiciones de alto estr&#xE9;s patog&#xE9;nico por Cylindrocarpon sp.</subfield>
  </datafield>
  <datafield tag="650" ind1=" " ind2="4">
    <subfield code="a">Hongos fitopat&#xF3;genos</subfield>
    <subfield code="x">Identificaci&#xF3;n</subfield>
    <subfield code="9">131720</subfield>
  </datafield>
  <datafield tag="650" ind1=" " ind2="4">
    <subfield code="a">Aguacate</subfield>
    <subfield code="x">Enfermedades por hongos</subfield>
    <subfield code="9">2511</subfield>
  </datafield>
  <datafield tag="700" ind1="1" ind2=" ">
    <subfield code="a">Barrientos Priego, Alejandro Facundo</subfield>
    <subfield code="9">190728</subfield>
  </datafield>
  <datafield tag="700" ind1="1" ind2=" ">
    <subfield code="a">Acuayte Valdes, Erik</subfield>
    <subfield code="9">751</subfield>
    <subfield code="e">secretario.</subfield>
  </datafield>
  <datafield tag="700" ind1="1" ind2=" ">
    <subfield code="a">Mart&#xED;nez Villag&#xF3;mez, Mercedes</subfield>
    <subfield code="9">127511</subfield>
    <subfield code="e">vocal.</subfield>
  </datafield>
  <datafield tag="700" ind1="1" ind2=" ">
    <subfield code="a">Reyes Quiroz, Claudia</subfield>
    <subfield code="9">132439</subfield>
    <subfield code="e">suplente.</subfield>
  </datafield>
  <datafield tag="700" ind1="1" ind2=" ">
    <subfield code="a">Ayala Arreola, Juan</subfield>
    <subfield code="e">suplente.</subfield>
    <subfield code="9">8915</subfield>
  </datafield>
  <datafield tag="856" ind1=" " ind2=" ">
    <subfield code="u">http://10.13.5.2/tesis/tl/1810902-7_GARCIA_TOSCANO_ERICKENRIQUE.pdf</subfield>
    <subfield code="z">DESCARGAR PDF</subfield>
  </datafield>
  <datafield tag="942" ind1=" " ind2=" ">
    <subfield code="2">Clasificaci&#xF3;n Universidad Aut&#xF3;noma Chapingo</subfield>
    <subfield code="c">TD</subfield>
  </datafield>
  <datafield tag="999" ind1=" " ind2=" ">
    <subfield code="c">220702</subfield>
    <subfield code="d">220702</subfield>
  </datafield>
  <datafield tag="952" ind1=" " ind2=" ">
    <subfield code="0">0</subfield>
    <subfield code="1">0</subfield>
    <subfield code="2">local</subfield>
    <subfield code="4">0</subfield>
    <subfield code="5">1</subfield>
    <subfield code="7">0</subfield>
    <subfield code="8">TesDigL</subfield>
    <subfield code="a">BD</subfield>
    <subfield code="b">BD</subfield>
    <subfield code="c">E_L</subfield>
    <subfield code="d">2025-06-27</subfield>
    <subfield code="l">0</subfield>
    <subfield code="o">Tesis digital</subfield>
    <subfield code="r">2025-06-27 13:25:29</subfield>
    <subfield code="w">2025-06-27</subfield>
    <subfield code="y">TD</subfield>
  </datafield>
</record>
